[Event "Hastings Masters op 94th"]
[Site "Hastings"]
[Date "2018.12.31"]
[Round "4"]
[White "Faulks, Nick"]
[Black "Choi, Shinwoo"]
[Result "1-0"]
[WhiteElo "1917"]
[BlackElo "1219"]
[PlyCount "101"]
[EventDate "2018.12.28"]
[EventType "swiss"]
[EventRounds "10"]
[EventCountry "ENG"]
[SourceTitle "CBM 188 Extra"]
[Source "ChessBase"]
[SourceDate "2019.02.26"]
[SourceVersion "1"]
[SourceVersionDate "2019.02.26"]
[SourceQuality "1"]

1. e4 c5 2. Nf3 e6 3. d4 cxd4 4. Nxd4 a6 5. c4 Qc7 6. Nc3 Nf6 7. a3 Bc5 8. Be3 0-0 9. Be2 d6 10. 0-0 Nc6 11. Rc1 Bd7 12. b4 Bxd4 13. Bxd4 Nxd4 14. Qxd4 e5 15. Qd3 Be6 16. Nd5 Bxd5 17. cxd5 Qd7 18. Rc4 Rac8 19. Rfc1 b5 20. Rc6 Rfd8 21. Kf1 Ne8 22. Qe3 Qb7 23. Qc3 Rb8 24. Bg4 Nf6 25. Bf3 g5 26. Qe3 h6 27. Rc7 Qb6 28. Qxb6 Rxb6 29. h3 h5 30. g4 h4 31. Ke2 Ne8 32. Ra7 f6 33. Rc3 Rdb8 34. Rc6 Kf8 35. Rxa6 Rxc6 36. Rxc6 Ra8 37. Rc3 Ra7 38. Kd2 Nc7 39. Kc2 Ke8 40. Kb3 Kd8 41. Rc6 Kd7 42. Rb6 Ra6 43. Rxa6 Nxa6 44. a4 bxa4+ 45. Kxa4 Nc7 46. Ka5 Kc8 47. Kb6 Kd7 48. Bd1 Ne8 49. Ba4+ Kd8 50. Bxe8 Kxe8 51. Kc7 1-0